| 000 | 00547nam a2200181Ia 4500 | ||
|---|---|---|---|
| 005 | 20250508151217.0 | ||
| 008 | 008 250505s9999 xx 000 0 eng d | ||
| 037 | _aTextual | ||
| 040 |
_aFEDL _beng _cFEDL |
||
| 041 |
_aeng _2eng |
||
| 084 |
_a153.93, MCN _qFEDL |
||
| 100 | _aMcNemar Quinn | ||
| 245 | 0 | _aRevision of the stanford - binet scale: An analysis of the standardization data | |
| 260 |
_aBoston, USA _bHoughton Mifflin Company _c1942 |
||
| 300 | _a185p | ||
| 942 |
_cTEXL _h153.93, MCN |
||
| 999 |
_c1328234 _d1328234 |
||